000 00544nam a2200157Ia 4500
005 20241218013539.0
008 240331s9999 xx 000 0 und d
020 _a0198183399
082 _bSET
_a891
100 _aSethi, R
245 0 _aMyths of the nation :
_bnational identity and literary representation
260 _aNew York
_bOxford University Press
_c1999
300 _aviii, 221 p .,
500 _aMyths of the Nation Focuses on the Construction of Forms of Historical Consciousness in Narratives, or schools of Narrative.
942 _cL
999 _c3380
_d3380